00481nam a22001457a 4500003000900000005001700009008003800026040002200064082001500086100002500101245008000126260003400206300002100240500007400261DO-SdBNP20250825141016.0220606b2017 dr |||| |||| 00| 0 spa d aBPMSUbspacBPMSU bN714p 2017 aNina Gómez, Carlos aPeriodismo cuando la verdad no sea distorcionada /cCarlos Nina Gómez b  aSanto Domingo:c2017,bBúoh a311p;bil;c24cm aincluye datos biógraficos del autor en la contracubierta del libro